00433nam a22001457a 4500020001800000082001400018100001900032245003700051260002700088300000800115650001600123942000700139999001500146952012600161 a9789380108452 a511.8 ALB aAlbright,Brian aMathematical Modeling With Excel aNew Delhibjonesc2010 a286 amathamatics cBK c3444d3444 0010708NFICaMLCampusbMLCampuscGENd2016-07-16l1o511.8 ALBp006848r2022-11-17 00:00:00s2016-07-16w2016-07-16yBK